000 00421nam a2200169Ia 4500
008 240729s9999 xx 000 0 und d
022 _a2367-8194
245 0 _aOne Ecosystem
260 _aBulgaria
260 _bPensoft Publishers
650 _a Biology (General)
650 _a Ecology
650 _aScience
856 _uhttps://doaj.org/toc/5fd369ebfd0d4234bfc3e7d2f99cbc4f
942 _2ddc
942 _cDOAJEJ
999 _c71614
_d71614
945 _a1
_bMadushi Gamage
_c1
_dMadushi Gamage